Online
Catalog

Una ventana al mundo invisible / (Record no. 29467)

MARC details
000 -CABECERA
campo de control de longitud fija 00784nam a2200217 a 4500
001 - NÚMERO DE CONTROL
campo de control 000029975
005 - FECHA Y HORA DE LA ÚLTIMA TRANSACCIÓN
campo de control 20200930055944.0
008 - DATOS DE LONGITUD FIJA--INFORMACIÓN GENERAL
campo de control de longitud fija 110428s1960 mx 000 0 spa d
040 ## - FUENTE DE LA CATALOGACIÓN
Centro catalogador/agencia de origen DO-SdBNP
Lengua de catalogación spa
Centro/agencia transcriptor BNPHU
082 ## - NÚMERO DE LA CLASIFICACIÓN DECIMAL DEWEY
Número de clasificación 133
Número de documento/Ítem U54v
245 00 - MENCIÓN DE TÍTULO
Título Una ventana al mundo invisible /
Mención de responsabilidad, etc. prólogo Gutierre Tibón, Alberto Algazi.
260 ## - PUBLICACIÓN, DISTRIBUCIÓN, ETC.
Lugar de publicación, distribución, etc. Mexíco, DF. :
Nombre del editor, distribuidor, etc. Ediciones Antorcha,
Fecha de publicación, distribución, etc. 1960.
300 ## - DESCRIPCIÓN FÍSICA
Extensión 353 p ;
Dimensiones 27 cm.
500 ## - NOTA GENERAL
Nota general Incluye referencias bibliograficas y notas al pie de páginas
500 ## - NOTA GENERAL
Nota general A la cabeza del título: Protocolos del IMIS
650 #4 - PUNTO DE ACCESO ADICIONAL DE MATERIA--TÉRMINO DE MATERIA
Término de materia o nombre geográfico como elemento de entrada Parapsicología
9 (RLIN) 2394
650 #4 - PUNTO DE ACCESO ADICIONAL DE MATERIA--TÉRMINO DE MATERIA
Término de materia o nombre geográfico como elemento de entrada Espiritualismo
Subdivisión general Estudio de casos
9 (RLIN) 56704
700 12 - PUNTO DE ACCESO ADICIONAL--NOMBRE DE PERSONA
Nombre de persona Tibón, Gutierre,
Término indicativo de función/relación pról.
9 (RLIN) 56705
700 12 - PUNTO DE ACCESO ADICIONAL--NOMBRE DE PERSONA
Nombre de persona Algazi, Alberto,
Término indicativo de función/relación pról.
9 (RLIN) 56706
910 ## - DATOS DE OPCIÓN DEL USUARIO (OCLC)
Datos de opción del usuario Validado. Control de calidad MFF
Holdings
Estado de retiro Estado de pérdida Restricciones de uso No para préstamo Código de colección Localización permanente Ubicación/localización actual Ubicación en estantería Fecha de adquisición Número de inventario Total de préstamos Signatura topográfica completa Código de barras Fecha visto por última vez Precio válido a partir de Tipo de ítem Koha
      Excluido de préstamo Monografías: Libros y Folletos Patrimonio Dominicano Patrimonio Dominicano Depósito 28.04.2011 LF1   133 U54v 29975-10 25.06.2020 25.06.2020 No se presta

Powered by Koha